Osmanlı devletinde siyaseten katl. (Record no. 47549)

MARC details
000 -LEADER
fixed length control field 00722cam a22002531 4500
001 - CONTROL NUMBER
control field ne 64002798
003 - CONTROL NUMBER IDENTIFIER
control field DLC
005 - DATE AND TIME OF LATEST TRANSACTION
control field 20260227111806.0
008 - FIXED-LENGTH DATA ELEMENTS--GENERAL INFORMATION
fixed length control field 810113s1963 tu h b 000 0 tur
010 ## - LIBRARY OF CONGRESS CONTROL NUMBER
LC control number ne 64002798
035 ## - SYSTEM CONTROL NUMBER
System control number (OCoLC)7060369
040 ## - CATALOGING SOURCE
Original cataloging agency DLC
Transcribing agency NNU
Modifying agency DLC
042 ## - AUTHENTICATION CODE
Authentication code premarc
050 00 - LIBRARY OF CONGRESS CALL NUMBER
Classification number LAW
100 1# - MAIN ENTRY--PERSONAL NAME
Personal name Mumcu, Ahmet.
245 10 - TITLE STATEMENT
Title Osmanlı devletinde siyaseten katl.
260 ## - PUBLICATION, DISTRIBUTION, ETC.
Place of publication, distribution, etc. Ankara,
Date of publication, distribution, etc. 1963.
300 ## - PHYSICAL DESCRIPTION
Extent xxiii, 260 p.
Other physical details 28 facsims.
Dimensions 24 cm.
490 0# - SERIES STATEMENT
Series statement Ankara Üniversitesi, Hukuk Fakültesi yayınlarından,
Volume/sequential designation no. 180
502 ## - DISSERTATION NOTE
Dissertation note Tez--Ankara Üniversitesi.
500 ## - GENERAL NOTE
General note Documents: p. 210-238.
504 ## - BIBLIOGRAPHY, ETC. NOTE
Bibliography, etc. note Bibliography: p. xiv-xxiii.
650 #0 - SUBJECT ADDED ENTRY--TOPICAL TERM
Topical term or geographic name entry element Assassination
Geographic subdivision Turkey.

No items available.

Powered by Koha